[Event "40th Olympiad Women"]
[Site "Istanbul TUR"]
[Date "2012.09.05"]
[Round "8.52"]
[Board "3"]
[White "Oh, Minah"]
[Black "Perez, Dalila"]
[Result "0-1"]
[WhiteTitle "WCM"]
[WhiteElo "1522"]
[BlackElo "1760"]
[WhiteTeam "South Korea"]
[BlackTeam "Paraguay"]
[WhiteFideId "13201239"]
[BlackFideId "3702014"]
[EventDate "2012.08.28"]

1. e4 e6 2. d4 d5 3. exd5 exd5 4. Bd3 Bd6 5. Nf3 Ne7 6. O-O O-O 7. c3 Bf5 8. Re1
Bxd3 9. Qxd3 h6 10. Nbd2 Nd7 11. Ne5 c6 12. Ndf3 Nf6 13. Nh4 Qc8 14. Nhf3 Re8
15. b3 Qc7 16. c4 c5 17. cxd5 Nexd5 18. Bd2 cxd4 19. Qxd4 Bc5 20. Qh4 Rac8 21.
Rac1 Qd6 22. Nc4 Rxe1+ 23. Rxe1 Qa6 24. Qh3 Rd8 25. a4 b5 26. axb5 Qxb5 27. Nfe5
h5 28. Bg5 Re8 29. Nf3 Rxe1+ 30. Nxe1 Ng4 31. Bh4 Qe8 32. Nd3 Nf4 33. Qf3 Nxd3
34. Qxd3 Nxf2 35. Bxf2 Qe1+ 0-1

[Event "40th Olympiad Women"]
[Site "Istanbul TUR"]
[Date "2012.09.05"]
[Round "8.52"]
[Board "4"]
[White "Rios Almada, Iara"]
[Black "Cho, Yeonhee"]
[Result "0-1"]
[WhiteElo "1604"]
[BlackElo "1542"]
[WhiteTeam "Paraguay"]
[BlackTeam "South Korea"]
[WhiteFideId "3702650"]
[BlackFideId "13201190"]
[EventDate "2012.08.28"]

1. e4 e5 2. Nf3 Nc6 3. Bc4 Bc5 4. O-O Nf6 5. d3 d6 6. c3 Bg4 7. Be3 Bxe3 8. fxe3
O-O 9. Nbd2 Re8 10. b4 d5 11. exd5 Nxd5 12. Bxd5 Qxd5 13. Qc2 Rad8 14. d4 exd4
15. exd4 Re2 16. Rf2 Bxf3 17. gxf3 Rxf2 18. Kxf2 Nxb4 19. Qb1 c5 20. Ne4 Na6 21.
Qg1 Kh8 22. a3 cxd4 23. cxd4 Qxd4+ 24. Kg2 Qe5 25. Re1 Qb2+ 26. Kh1 Qxa3 27. Nd2
h6 28. Rd1 Qc5 29. Qe1 Qd6 30. Qe2 Nc5 0-1

[Event "40th Olympiad Women"]
[Site "Istanbul TUR"]
[Date "2012.09.05"]
[Round "8.54"]
[Board "2"]
[White "Amoko, Ivy Claire"]
[Black "Naipal, Ekaterina"]
[Result "0-1"]
[BlackTitle "WCM"]
[WhiteElo "1705"]
[BlackElo "1756"]
[WhiteTeam "Uganda"]
[BlackTeam "Suriname"]
[WhiteFideId "10000291"]
[BlackFideId "8200629"]
[EventDate "2012.08.28"]

1. e4 c5 2. Nc3 Nc6 3. f4 d6 4. Nf3 e6 5. Bc4 Nf6 6. e5 dxe5 7. fxe5 Nd7 8. Qe2
Ndxe5 9. Nxe5 Nxe5 10. Bxe6 Bxe6 11. Qxe5 Qd6 12. Qxd6 Bxd6 13. Nb5 Be5 14. d3
O-O 15. O-O a6 16. Nc3 Rac8 17. Re1 Bd4+ 18. Kh1 Rfe8 19. Ne4 Bd5 20. c3 Bf2 21.
Rf1 Bxe4 22. Rxf2 Bxd3 23. Bf4 Re4 24. h3 Rce8 25. Bg3 Re2 26. Kg1 c4 27. b3
R8e3 28. Bf4 Rxf2 29. Kxf2 Re2+ 30. Kf3 Rc2 31. Be5 cxb3 32. Rd1 f6 33. Rxd3
fxe5 34. axb3 b6 35. c4 Kf7 36. g4 Ke6 37. Ke4 Re2+ 38. Kf3 Re1 39. Kf2 Rb1 40.
Ke2 Rb2+ 41. Kd1 e4 42. Rc3 Ke5 43. Kc1 Rh2 44. c5 bxc5 45. Rxc5+ Kd4 46. Rc7
Rxh3 47. Rxg7 Kc3 48. Kd1 Kxb3 49. Rb7+ Kc4 50. Ke2 e3 51. Rc7+ Kb4 52. Rb7+ Kc5
53. g5 a5 54. Rb1 a4 55. Rc1+ Kb4 56. Rb1+ Ka5 57. Ra1 Rg3 58. Rh1 Rxg5 59. Rxh7
Re5 60. Rh1 a3 61. Rh8 Ka4 0-1

[Event "40th Olympiad Women"]
[Site "Istanbul TUR"]
[Date "2012.09.05"]
[Round "8.57"]
[Board "4"]
[White "Salim-Moussa, Seydi"]
[Black "Abdulzahra, Sali Abbas"]
[Result "1/2-1/2"]
[BlackTitle "WFM"]
[WhiteElo "1806"]
[BlackElo "1638"]
[WhiteTeam "Netherlands Antilles"]
[BlackTeam "Iraq"]
[WhiteFideId "7500440"]
[BlackFideId "4804929"]
[EventDate "2012.08.28"]

1. e4 e6 2. d4 d5 3. exd5 exd5 4. Nc3 Nf6 5. Bg5 c6 6. Nf3 Bd6 7. Bd3 Be6 8. O-O
O-O 9. Re1 Nbd7 10. a3 Rc8 11. b4 b6 12. Qd2 c5 13. dxc5 bxc5 14. bxc5 Bxc5 15.
Nb5 Qb6 16. Be3 Ne4 17. Qe2 Ndf6 18. h3 h6 19. Bxc5 Qxc5 20. Nbd4 Nc3 21. Qe3
Nfe4 22. Nd2 Nxd2 23. Qxd2 Ne4 24. Bxe4 dxe4 25. Rxe4 Rfd8 26. Qb4 Qd5 27. Nxe6
fxe6 28. Re2 Rc4 29. Qb3 Qd4 30. Rc1 Rf8 31. Qe3 Qxe3 32. Rxe3 Kf7 33. Rf3+ Ke7
34. Rxf8 Kxf8 35. c3 Ke7 36. Kf1 Ra4 37. c4 Rxa3 38. c5 Kd7 39. Rd1+ Ke7 40. c6
a5 41. Rd7+ Kf6 1/2-1/2

[Event "40th Olympiad Women"]
[Site "Istanbul TUR"]
[Date "2012.09.05"]
[Round "8.59"]
[Board "1"]
[White "Rosalina, Sonia"]
[Black "Howard, Corinne"]
[Result "1-0"]
[WhiteElo "1797"]
[BlackElo "1720"]
[WhiteTeam "Angola"]
[BlackTeam "Barbados"]
[WhiteFideId "10100164"]
[BlackFideId "11100362"]
[EventDate "2012.08.28"]

1. e4 e5 2. Nf3 Nc6 3. Bc4 Bc5 4. c3 Nf6 5. d3 d6 6. h3 a6 7. Bb3 Ba7 8. Bg5 h6
9. Bh4 Be6 10. Nbd2 Qe7 11. Qe2 O-O-O 12. Ba4 Bd7 13. b4 g5 14. Bg3 Bb6 15. Bc2
Nh7 16. a4 f5 17. Nc4 Ba7 18. b5 Nb8 19. bxa6 Nxa6 20. exf5 Bxf5 21. Rb1 Rhe8
22. O-O Nf6 23. Na5 Bb6 24. Nc4 Ba7 25. d4 Bxc2 26. Qxc2 exd4 27. cxd4 Qe4 28.
Qb3 Qc6 29. Rfc1 Kb8 30. Nxd6 Qb6 31. Qxb6 Bxb6 32. Nxe8 Rxe8 33. Rxb6 Nd5 34.
Rxh6 Nab4 35. Nxg5 Nc6 36. Nf3 Ncb4 37. Ne5 Rd8 38. Rh7 Na6 39. Rd7 1-0

[Event "40th Olympiad Women"]
[Site "Istanbul TUR"]
[Date "2012.09.05"]
[Round "8.59"]
[Board "2"]
[White "Blackman, Katrina"]
[Black "Gabriel, Irineia G"]
[Result "1/2-1/2"]
[WhiteElo "1594"]
[BlackElo "1492"]
[WhiteTeam "Barbados"]
[BlackTeam "Angola"]
[WhiteFideId "11100540"]
[BlackFideId "10100776"]
[EventDate "2012.08.28"]

1. e4 e6 2. d4 d5 3. exd5 exd5 4. Bd3 Bd6 5. Nf3 Ne7 6. O-O O-O 7. Re1 Bf5 8. c3
Bxd3 9. Qxd3 c6 10. Nbd2 Ng6 11. Nf1 Nd7 12. h3 Qc7 13. Be3 Nf6 14. Rad1 h6 15.
Bc1 Rae8 16. Ne3 Ne4 17. Nf5 Bf4 18. Bxf4 Nxf4 19. Qc2 Re6 20. c4 Qd8 21. Ne5
Qg5 22. Ng3 Nxg3 23. fxg3 Qxg3 24. Kh1 dxc4 25. Rf1 f6 26. Rf3 Qg5 27. Ng4 Re2
28. Qxc4+ Qd5 29. Qxd5+ Nxd5 30. Rf2 Rfe8 31. Rdf1 h5 32. Nh2 Rxf2 33. Rxf2 Re1+
34. Rf1 Re2 35. Rb1 Nf4 36. g4 Nxh3 37. gxh5 Nf4 38. h6 gxh6 39. Rf1 Nd5 40. Ng4
Kg7 41. Rg1 Kh7 42. Rg2 Rxg2 43. Kxg2 h5 44. Nf2 Kg6 45. Kg3 f5 46. Nd3 Kg5 47.
Ne5 f4+ 48. Kh3 Kf5 49. Kh4 Nf6 50. Nc4 Ne8 51. Kxh5 Ke4 52. Kg4 Kxd4 53. Nd2
Ke3 54. Nc4+ Kd3 55. b3 f3 56. Kxf3 Kc2 57. Na5 Nd6 58. Ke3 c5 59. Kf4 b6 60.
Nc6 Nc8 61. Ke4 Kb2 62. b4 c4 63. Kd4 c3 64. Ne5 c2 65. Nd3+ Kxa2 66. Kc3 Kb1
67. Kc4 c1=Q+ 68. Nxc1 Kxc1 69. Kb5 Kc2 70. Ka6 Kc3 71. b5 Kc4 1/2-1/2

[Event "40th Olympiad Women"]
[Site "Istanbul TUR"]
[Date "2012.09.05"]
[Round "8.59"]
[Board "3"]
[White "Domingos, Maria M"]
[Black "Ramsay, Sheena"]
[Result "0-1"]
[BlackTitle "WCM"]
[WhiteElo "1466"]
[BlackElo "1631"]
[WhiteTeam "Angola"]
[BlackTeam "Barbados"]
[WhiteFideId "10100768"]
[BlackFideId "11101610"]
[EventDate "2012.08.28"]

1. e4 e6 2. d4 d5 3. exd5 exd5 4. Nf3 Bd6 5. Nc3 Ne7 6. Bd3 Nbc6 7. O-O Be6 8.
Be3 Qd7 9. Bb5 O-O-O 10. Qd2 f6 11. Bf4 g5 12. Bxd6 Qxd6 13. Qe3 Nf5 14. Qd2 g4
15. Bxc6 Qxc6 16. Ne1 Qb6 17. Na4 Qxd4 18. Qxd4 Nxd4 19. c3 Ne2+ 20. Kh1 h5 21.
g3 d4 22. Ng2 Bd5 23. cxd4 h4 24. Rfe1 Bf3 25. Rxe2 Bxe2 26. Nxh4 Rxd4 27. Nc3
Rd2 28. b3 Bf3+ 29. Nxf3 gxf3 30. Kg1 Rhd8 31. h4 f5 32. Rc1 a6 33. Kf1 b5 34.
Ke1 b4 35. Nd1 Rxa2 36. Ne3 Re8 37. Kf1 Rb2 38. Nxf5 Ree2 39. h5 Rxf2+ 40. Kg1
Rg2+ 41. Kf1 Rh2 42. Kg1 Rbg2+ 0-1

[Event "40th Olympiad Women"]
[Site "Istanbul TUR"]
[Date "2012.09.05"]
[Round "8.61"]
[Board "2"]
[White "Stolarczyk, Anna"]
[Black "Gonzalez, Yaribeth"]
[Result "1-0"]
[WhiteTitle "WCM"]
[BlackTitle "WCM"]
[WhiteElo "1994"]
[BlackElo "1796"]
[WhiteTeam "IBCA"]
[BlackTeam "Panama"]
[WhiteFideId "1126423"]
[BlackFideId "6600344"]
[EventDate "2012.08.28"]

1. d4 d5 2. c4 dxc4 3. Nf3 c5 4. e3 cxd4 5. exd4 e6 6. Bxc4 Nf6 7. O-O Be7 8.
Qe2 O-O 9. Nc3 a6 10. a4 Nc6 11. Rd1 Qc7 12. Bg5 Na5 13. Ba2 h6 14. Bh4 Re8 15.
Ne5 b6 16. Rac1 Qb7 17. d5 exd5 18. Nxd5 Nxd5 19. Bxd5 Qa7 20. Ng6 Bf5 21. Nxe7+
Rxe7 22. Qxe7 Qxe7 23. Bxe7 Re8 24. Rc7 Bg6 25. b4 1-0

[Event "40th Olympiad Women"]
[Site "Istanbul TUR"]
[Date "2012.09.05"]
[Round "8.61"]
[Board "3"]
[White "Arosemena, Betty"]
[Black "Debowska, Teresa"]
[Result "0-1"]
[BlackTitle "FM"]
[WhiteElo "1657"]
[BlackElo "1837"]
[WhiteTeam "Panama"]
[BlackTeam "IBCA"]
[WhiteFideId "6600425"]
[BlackFideId "1120816"]
[EventDate "2012.08.28"]

1. e4 d5 2. exd5 Qxd5 3. Nc3 Qa5 4. Nf3 Nf6 5. Bc4 c6 6. a3 Bg4 7. O-O e6 8. h3
Bh5 9. Re1 Be7 10. d4 Qc7 11. Be3 O-O 12. Bd3 Nbd7 13. Nb1 Nd5 14. Bc1 Nf4 15.
Bc4 b5 16. Bb3 a5 17. c3 Nf6 18. Bc2 Bd6 19. Nbd2 Rad8 20. Ne4 Nxe4 21. Bxe4 c5
22. Bxf4 Bxf4 23. Qe2 cxd4 24. cxd4 Bxf3 25. Bxf3 Rxd4 26. Qxb5 Rb8 27. Qh5 g6 0-1

[Event "40th Olympiad Women"]
[Site "Istanbul TUR"]
[Date "2012.09.05"]
[Round "8.61"]
[Board "4"]
[White "Karsokaite, Irena"]
[Black "Munoz, Alba"]
[Result "1/2-1/2"]
[BlackTitle "WCM"]
[WhiteElo "1632"]
[BlackElo "1667"]
[WhiteTeam "IBCA"]
[BlackTeam "Panama"]
[WhiteFideId "12805220"]
[BlackFideId "6600514"]
[EventDate "2012.08.28"]

1. e4 c6 2. d4 d5 3. exd5 cxd5 4. Bd3 Nc6 5. c3 Nf6 6. Bf4 e6 7. Nf3 Bd6 8. Bxd6
Qxd6 9. O-O O-O 10. Nbd2 e5 11. dxe5 Nxe5 12. Nxe5 Qxe5 13. Nf3 Qd6 14. h3 Be6
15. Re1 Rfe8 16. Qd2 Rad8 17. Nd4 Bd7 18. Qg5 h6 19. Qd2 Ne4 20. Qc2 Qf4 21. Re3
Nf6 22. Rae1 Rxe3 23. Rxe3 Re8 24. Rxe8+ Bxe8 25. Qe2 Kf8 26. Qe1 a6 27. a3 Bd7
28. Nb3 Qg5 29. Qe3 Qxe3 30. fxe3 Ke7 31. Kf2 Kd6 32. Nd4 g6 33. Kf3 Bc6 34. g4
Nd7 35. Kf4 Nc5 36. Bc2 Ne6+ 37. Kg3 Bd7 38. h4 Ke5 39. Nf3+ Kf6 40. Nd4 Nc5 41.
Kf4 a5 42. g5+ hxg5+ 43. hxg5+ Ke7 44. Ke5 Bc6 45. Nb3 Nd7+ 46. Kf4 Ba4 47. e4
Bxb3 48. Bxb3 dxe4 49. Bd5 b6 50. Bxe4 Kd6 51. b3 Nc5 52. Bc2 Ne6+ 53. Kg4 Ke5
54. a4 Nc7 55. b4 Nd5 56. Bb3 f5+ 57. gxf6 Nxf6+ 58. Kg5 Ne4+ 59. Kxg6 Nxc3 1/2-1/2

[Event "40th Olympiad Women"]
[Site "Istanbul TUR"]
[Date "2012.09.05"]
[Round "8.62"]
[Board "1"]
[White "Perez, Eneida"]
[Black "Zykina, Nadezhda"]
[Result "1/2-1/2"]
[WhiteTitle "WFM"]
[BlackTitle "WFM"]
[WhiteElo "2070"]
[BlackElo "2078"]
[WhiteTeam "Dominican Republic"]
[BlackTeam "IPCA"]
[WhiteFideId "602795"]
[BlackFideId "24150789"]
[EventDate "2012.08.28"]

1. d4 Nf6 2. e3 d6 3. Nf3 Bg4 4. Be2 Nbd7 5. c4 e5 6. Nc3 c6 7. O-O Be7 8. Qc2
Qc7 9. b3 O-O 10. Bb2 Rfe8 11. Rad1 Bf8 12. dxe5 dxe5 13. e4 Nh5 14. h3 Be6 15.
Ng5 Nf4 16. Bf3 Nc5 17. Nxe6 Ncxe6 18. Ne2 Ng5 19. Bg4 Nge6 20. Nxf4 Nxf4 21.
Rd7 Qb6 22. g3 h5 23. Bf5 Ng6 24. Bxg6 fxg6 25. Kg2 Rad8 26. Rfd1 Rxd7 27. Rxd7
Bc5 28. f4 Bd4 29. c5 Qb4 30. a3 Qxc5 31. Qxc5 Bxc5 32. Bxe5 Re7 33. Rd8+ Kf7
34. b4 Bb6 35. Rd3 a5 36. Kf3 axb4 37. axb4 g5 38. Bc3 gxf4 39. gxf4 g6 40. e5
Bc7 41. Ke4 Ke6 42. Rg3 Rg7 43. Rg5 Bd8 44. Rg2 Rg8 45. Be1 Be7 46. Bc3 Bd8 47.
Bd4 Rg7 48. Bc5 Bh4 49. Rd2 Rd7 50. Rxd7 Kxd7 51. f5 gxf5+ 52. Kxf5 Bd8 53. e6+
Ke8 54. Bf2 Be7 55. Be1 h4 56. Bd2 b5 57. Ke5 c5 58. bxc5 Bxc5 59. Kd5 Be7 60.
Be1 b4 61. Kc4 Kf8 62. Bxh4 Bxh4 63. Kxb4 Ke7 64. Kc4 1/2-1/2

[Event "40th Olympiad Women"]
[Site "Istanbul TUR"]
[Date "2012.09.05"]
[Round "8.62"]
[Board "2"]
[White "Kurochkina, Elena"]
[Black "Jose Polanco, Kenia"]
[Result "1-0"]
[BlackTitle "WCM"]
[WhiteElo "1797"]
[BlackElo "1954"]
[WhiteTeam "IPCA"]
[BlackTeam "Dominican Republic"]
[WhiteFideId "24145890"]
[BlackFideId "6401074"]
[EventDate "2012.08.28"]

1. d4 Nf6 2. c4 c5 3. d5 e5 4. Nc3 d6 5. e4 Nbd7 6. Nf3 Be7 7. Be2 O-O 8. O-O
Ne8 9. Qc2 g6 10. Bd3 Ng7 11. Bh6 Nf6 12. Nd2 Kh8 13. Be2 Ng8 14. Bxg7+ Kxg7 15.
f4 exf4 16. Rxf4 Bg5 17. Rff1 f5 18. exf5 Bxf5 19. Bd3 Ne7 20. Nf3 Bf6 21. Ne4
Bxe4 22. Bxe4 a6 23. a4 Rb8 24. h4 h6 25. Rae1 b5 26. axb5 axb5 27. b3 Qd7 28.
h5 bxc4 29. bxc4 Rb2 30. Qd3 Qg4 31. Re2 Rxe2 32. Qxe2 Qxh5 33. Bd3 Qg4 34. Rb1
Ra8 35. Rb7 Kf8 36. Rb6 Ra3 37. Rb8+ Kg7 38. Kf1 Rc3 39. Rb7 Rc1+ 40. Kf2 Bd4+
41. Nxd4 Qh4+ 42. Kf3 Qh5+ 43. Kf2 Qh4+ 44. Kf3 Qh5+ 45. Kg3 Qg5+ 46. Qg4 Qe5+
47. Qf4 Qe1+ 48. Kf3 Qd1+ 49. Be2 Rc3+ 50. Kf2 Qxd4+ 51. Qxd4+ cxd4 52. Rxe7+
Kf8 53. Re4 d3 54. Bd1 Rc1 55. Ke1 Rb1 56. g3 Rb2 57. Rd4 d2+ 58. Rxd2 Rxd2 59.
Kxd2 Ke7 60. Ke3 Kd7 61. Kd4 Kc7 62. c5 dxc5+ 63. Ke4 1-0

[Event "40th Olympiad Women"]
[Site "Istanbul TUR"]
[Date "2012.09.05"]
[Round "8.62"]
[Board "3"]
[White "Munoz, Doribel"]
[Black "Kaydanovich, Marina"]
[Result "1/2-1/2"]
[WhiteTitle "WCM"]
[WhiteElo "1933"]
[BlackElo "1761"]
[WhiteTeam "Dominican Republic"]
[BlackTeam "IPCA"]
[WhiteFideId "6400574"]
[BlackFideId "4134877"]
[EventDate "2012.08.28"]

1. e4 e5 2. Nc3 Bc5 3. Nge2 Nc6 4. d3 Nf6 5. h3 a6 6. Bg5 h6 7. Bh4 d6 8. Nd5 g5
9. Nxf6+ Qxf6 10. Bg3 h5 11. h4 g4 12. Nc3 Be6 13. Qd2 O-O-O 14. Be2 Qh6 15. a3
Qxd2+ 16. Kxd2 Nd4 17. Rab1 f5 18. f4 gxf3 19. Bxf3 f4 20. Be1 Nxf3+ 21. gxf3
Rhg8 22. Rh2 Be3+ 23. Ke2 Rg1 24. Bf2 Rxb1 25. Nxb1 Bxf2 26. Kxf2 Rg8 27. Nd2
Rg3 28. c3 Kd8 29. d4 Ke7 30. dxe5 dxe5 31. Rg2 Rh3 32. Rg5 Rxh4 33. Rxe5 Rh2+
34. Ke1 h4 35. Rh5 h3 36. Rh4 Rg2 37. b4 Kf6 38. Nf1 Rc2 39. Rxf4+ Kg5 40. Rf8
Rxc3 41. a4 Rc2 42. f4+ Kg6 43. f5+ Kg7 44. Rd8 Bc4 45. Rd7+ Kh6 46. Ng3 h2 47.
Rd2 Rc1+ 48. Rd1 Rc2 49. Rd2 Rc1+ 50. Rd1 1/2-1/2

[Event "40th Olympiad Women"]
[Site "Istanbul TUR"]
[Date "2012.09.05"]
[Round "8.62"]
[Board "4"]
[White "Konkolova, Nikola"]
[Black "Aybar Portes, Omaira"]
[Result "0-1"]
[WhiteElo "1501"]
[BlackElo "1844"]
[WhiteTeam "IPCA"]
[BlackTeam "Dominican Republic"]
[WhiteFideId "14924242"]
[BlackFideId "6402143"]
[EventDate "2012.08.28"]

1. e4 c5 2. Nf3 e6 3. d3 Qc7 4. Nbd2 d6 5. g3 Nf6 6. Bg2 Be7 7. O-O O-O 8. Re1
Nbd7 9. Nf1 a6 10. h4 Rb8 11. c3 b5 12. d4 cxd4 13. cxd4 Bb7 14. Qd3 e5 15. d5
Nc5 16. Qc2 Rbc8 17. N3d2 Qb6 18. Qd1 Nd3 19. Re3 Rxc1 20. Rxc1 Nxc1 21. Qxc1
Rc8 22. Qd1 Rc7 23. Nf3 a5 24. a3 Rc4 25. N1d2 Rc7 26. Bh3 Bd8 27. Rc3 Rxc3 28.
bxc3 Qc5 29. Qb3 Bb6 30. c4 Qxf2+ 31. Kh1 Qxg3 32. Bg2 Qf2 33. Qxb5 Qc5 34. Qxc5
Bxc5 35. a4 Ba6 36. Bf1 Ng4 37. Kg2 Ne3+ 38. Kh1 Nxf1 39. Nxf1 Bxc4 40. N1d2 Bd3
41. Ne1 Ba6 42. Nb3 Bb4 43. Nc2 Bd3 44. Nxb4 Bxe4+ 0-1

[Event "40th Olympiad Women"]
[Site "Istanbul TUR"]
[Date "2012.09.06"]
[Round "9.1"]
[Board "1"]
[White "Hou, Yifan"]
[Black "Skripchenko, Almira"]
[Result "1-0"]
[WhiteTitle "GM"]
[BlackTitle "IM"]
[WhiteElo "2599"]
[BlackElo "2442"]
[WhiteTeam "China"]
[BlackTeam "France"]
[WhiteFideId "8602980"]
[BlackFideId "13900145"]
[EventDate "2012.08.28"]

1. e4 c5 2. Nf3 Nc6 3. Bb5 e6 4. Nc3 Nge7 5. O-O a6 6. Bxc6 Nxc6 7. d4 cxd4 8.
Nxd4 Qc7 9. Re1 d6 10. Nxc6 bxc6 11. Qg4 h5 12. Qe2 h4 13. h3 e5 14. f4 exf4 15.
Bxf4 Be7 16. Kh1 O-O 17. Rad1 a5 18. b3 Be6 19. Nd5 Bxd5 20. exd5 Rfe8 21. dxc6
Qxc6 22. Qd3 a4 23. Re4 axb3 24. axb3 Bf6 25. Rxe8+ Rxe8 26. Bxd6 Re4 27. Bc5
Be5 28. Bf2 Bc7 29. c4 Qe6 30. Qd5 Qg6 31. Qd7 Bg3 32. Qd2 Qe6 33. Bg1 Re2 34.
Qd3 Rb2 35. Qf3 Bc7 36. Ra1 Qe5 37. Ra8+ Kh7 38. Qd3+ f5 39. Qf3 g6 40. Qd3 Kh6
41. Rc8 Kh5 42. Rxc7 Qxc7 43. Qd1+ 1-0

[Event "40th Olympiad Women"]
[Site "Istanbul TUR"]
[Date "2012.09.06"]
[Round "9.1"]
[Board "2"]
[White "Milliet, Sophie"]
[Black "Zhao, Xue"]
[Result "0-1"]
[WhiteTitle "IM"]
[BlackTitle "GM"]
[WhiteElo "2411"]
[BlackElo "2549"]
[WhiteTeam "France"]
[BlackTeam "China"]
[WhiteFideId "623725"]
[BlackFideId "8601283"]
[EventDate "2012.08.28"]

1. e4 Nf6 2. e5 Nd5 3. d4 d6 4. Nf3 dxe5 5. Nxe5 c6 6. Be2 Bf5 7. O-O Nd7 8. Nf3
e6 9. c4 Nb4 10. a3 Na6 11. Nc3 Be7 12. Be3 O-O 13. b4 Nc7 14. Qb3 Nf6 15. Ne5
Ne4 16. Rfd1 Nxc3 17. Qxc3 f6 18. Nd3 Rc8 19. Bf3 Qe8 20. Nc5 b6 21. Nb3 Kh8 22.
Re1 Qd7 23. Rad1 Rfd8 24. h3 Bd6 25. Qd2 Ne8 26. Rc1 Bb8 27. Bf4 Bd6 28. Qe3
Bxf4 29. Qxf4 Nd6 30. Bg4 Qf7 31. Bxf5 Nxf5 32. d5 cxd5 33. cxd5 Rxc1 34. Rxc1
g5 35. dxe6 Qxe6 36. Qf3 Kg7 37. Rc7+ Kg6 38. Rc1 h5 39. Qc3 Qe4 40. Re1 Rd3 41.
Rxe4 Rxc3 42. Nd2 Rxa3 43. Re6 Nd4 44. Rd6 Nb5 45. Rd5 Nc3 46. Rd6 Ra4 47. Nf3
Rxb4 48. Ne5+ Kf5 49. Nd7 Rb1+ 50. Kh2 Ne4 51. Rc6 Rd1 52. Rc7 Nxf2 53. Rxa7 h4
54. g4+ hxg3+ 55. Kxg3 Ne4+ 56. Kf3 b5 57. Rb7 Rd3+ 58. Ke2 Rxh3 59. Rxb5+ Kf4
60. Rb4 f5 61. Nc5 Re3+ 62. Kd1 g4 63. Ne6+ Ke5 64. Ng7 Kf6 65. Nh5+ Kg5 66. Ng7
Kg6 0-1

[Event "40th Olympiad Women"]
[Site "Istanbul TUR"]
[Date "2012.09.06"]
[Round "9.1"]
[Board "3"]
[White "Ju, Wenjun"]
[Black "Maisuradze, Nino"]
[Result "1/2-1/2"]
[WhiteTitle "WGM"]
[BlackTitle "WGM"]
[WhiteElo "2528"]
[BlackElo "2284"]
[WhiteTeam "China"]
[BlackTeam "France"]
[WhiteFideId "8603006"]
[BlackFideId "13601717"]
[EventDate "2012.08.28"]

1. d4 d5 2. c4 e6 3. Nf3 Nf6 4. g3 dxc4 5. Bg2 Nc6 6. O-O Rb8 7. Nc3 b5 8. Ne5
Nxe5 9. dxe5 Nd7 10. Qc2 Bb7 11. Bxb7 Rxb7 12. Rd1 Qc8 13. Bg5 c6 14. Ne4 h6 15.
Be3 Be7 16. Nd6+ Bxd6 17. Rxd6 O-O 18. f4 Nb6 19. Rad1 c5 20. f5 exf5 21. Rf1
Rd7 22. Qxf5 Rxd6 23. exd6 Qxf5 24. Rxf5 Nd7 25. Bxc5 g6 26. Rd5 Nxc5 27. Rxc5
Rd8 28. Rxb5 Rxd6 29. a4 a6 30. Rb4 Rd2 31. Kf2 Kg7 32. Ke1 c3 33. bxc3 Rc2 34.
Rb6 Rxc3 35. Rxa6 Rc1+ 36. Kf2 Rh1 37. Kg2 Re1 38. Kf3 Rf1+ 39. Ke3 Rh1 40. Rc6
Rxh2 41. a5 Rh1 42. a6 Ra1 43. Kd4 h5 44. Kc5 g5 45. Kb6 h4 46. Rc5 Rb1+ 47. Kc7
Ra1 48. Kb7 Rb1+ 49. Ka8 Kg6 50. gxh4 gxh4 51. Rc8 h3 52. Rh8 Rb3 53. a7 Kg5 54.
Rb8 Ra3 55. Kb7 h2 56. Rh8 Rb3+ 57. Ka8 f5 58. Rxh2 Rb2 59. Rh8 Rxe2 60. Kb7
Re7+ 61. Kb6 Rxa7 62. Kxa7 Kf4 63. Kb6 Ke3 64. Kc5 f4 65. Re8+ Kd3 66. Rd8+ Ke3
67. Kc4 f3 68. Re8+ Kd2 69. Rf8 Ke2 70. Re8+ Kd2 71. Rf8 Ke2 72. Kd4 f2 73. Ke4
f1=Q 74. Rxf1 Kxf1 1/2-1/2

[Event "40th Olympiad Women"]
[Site "Istanbul TUR"]
[Date "2012.09.06"]
[Round "9.1"]
[Board "4"]
[White "Collas, Silvia"]
[Black "Huang, Qian"]
[Result "1/2-1/2"]
[WhiteTitle "IM"]
[BlackTitle "WGM"]
[WhiteElo "2261"]
[BlackElo "2449"]
[WhiteTeam "France"]
[BlackTeam "China"]
[WhiteFideId "2902265"]
[BlackFideId "8602689"]
[EventDate "2012.08.28"]

1. c4 Nf6 2. g3 g6 3. Bg2 Bg7 4. Nc3 O-O 5. e4 d6 6. Nge2 e5 7. d3 Be6 8. Bg5 h6
9. Be3 Nc6 10. Nd5 Nd7 11. O-O Nd4 12. Bxd4 exd4 13. Nef4 g5 14. Nxe6 fxe6 15.
Nb4 Kh7 16. Nc2 Qe7 17. e5 Nxe5 18. Nxd4 c5 19. Be4+ Kh8 20. Nc2 Nc6 21. Rb1
Rad8 22. Ne3 Nd4 23. Qh5 Qf7 24. Qxf7 Rxf7 25. Kg2 b5 26. b4 cxb4 27. cxb5 Nxb5
28. Rxb4 Nc3 29. Bg6 Rc7 30. a3 a5 31. Rc4 Rxc4 32. Nxc4 d5 33. Nxa5 Ra8 34. Nc6
Ra6 35. Be8 e5 36. Re1 e4 37. dxe4 dxe4 38. f3 1/2-1/2

[Event "40th Olympiad Women"]
[Site "Istanbul TUR"]
[Date "2012.09.06"]
[Round "9.2"]
[Board "2"]
[White "Gunina, Valentina"]
[Black "Karavade, Eesha"]
[Result "1-0"]
[WhiteTitle "IM"]
[BlackTitle "IM"]
[WhiteElo "2507"]
[BlackElo "2371"]
[WhiteTeam "Russia"]
[BlackTeam "India"]
[WhiteFideId "4167570"]
[BlackFideId "5012600"]
[EventDate "2012.08.28"]

1. d4 Nf6 2. c4 e6 3. Nf3 b6 4. g3 Bb4+ 5. Bd2 Bxd2+ 6. Qxd2 Ba6 7. b3 c6 8. Bg2
d5 9. O-O O-O 10. Rc1 Nbd7 11. a4 Qe7 12. Na3 Bb7 13. a5 Rfc8 14. b4 bxa5 15.
bxa5 c5 16. Rab1 Bc6 17. dxc5 Qxc5 18. cxd5 Qxd5 19. Rxc6 Qxc6 20. Ne5 Qc7 21.
Nxd7 Qxd7 22. Qxd7 Nxd7 23. Bxa8 Rxa8 24. Rb7 Nc5 25. Rc7 Na6 26. Rc6 Nb4 27.
Rc4 Rb8 28. Nb5 a6 29. Nd6 f6 30. Nc8 Nd5 31. e4 Rb4 32. Rc1 Ra4 33. exd5 exd5
34. Nd6 g6 35. Rc8+ Kg7 36. Rc7+ Kf8 37. Nb7 d4 38. Rxh7 Ke8 39. Rh4 f5 40. Kg2
Ke7 41. Nc5 Rxa5 42. Nb3 Ra3 43. Nxd4 a5 44. Rh7+ Kf6 45. Ra7 1-0

[Event "40th Olympiad Women"]
[Site "Istanbul TUR"]
[Date "2012.09.06"]
[Round "9.2"]
[Board "3"]
[White "Tania, Sachdev"]
[Black "Kosintseva, Nadezhda"]
[Result "1/2-1/2"]
[WhiteTitle "IM"]
[BlackTitle "GM"]
[WhiteElo "2379"]
[BlackElo "2524"]
[WhiteTeam "India"]
[BlackTeam "Russia"]
[WhiteFideId "5007844"]
[BlackFideId "4134974"]
[EventDate "2012.08.28"]

1. d4 Nf6 2. c4 e6 3. Nf3 d5 4. Nc3 Bb4 5. cxd5 exd5 6. Bg5 h6 7. Bxf6 Qxf6 8.
Qb3 c5 9. a3 Bxc3+ 10. Qxc3 Nd7 11. e3 b6 12. Be2 O-O 13. O-O Bb7 14. b3 a5 15.
Bb5 Bc6 16. Bxc6 Qxc6 17. dxc5 bxc5 18. b4 axb4 19. axb4 Rxa1 20. Rxa1 Rc8 21.
bxc5 Qxc5 22. Qxc5 Rxc5 23. Nd4 Ne5 24. g3 g6 25. h3 Kg7 26. Kg2 Nc6 27. Nxc6
Rxc6 28. Ra5 Rd6 29. Ra4 h5 30. h4 Kf6 31. Ra7 d4 32. exd4 Rxd4 33. Kf3 Ke5 1/2-1/2